Best practices for photovoltaic household electrification programs: lessons from experiences in selected countries (Record no. 35758)

MARC details
000 -LEADER
fixed length control field 00909nam a2200217 a 4500
008 - FIXED-LENGTH DATA ELEMENTS--GENERAL INFORMATION
fixed length control field 120416s1996 ||||||||||||||||| || u
050 ## - LIBRARY OF CONGRESS CALL NUMBER
Classification number IBRD(08)TP/324
100 ## - MAIN ENTRY--PERSONAL NAME
Personal name Shaeffer, Loretta
245 10 - TITLE STATEMENT
Title Best practices for photovoltaic household electrification programs: lessons from experiences in selected countries
Statement of responsibility, etc. Anil Cabraal; Mac Cosgrove-Davies; Loretta Schaeffer
260 ## - PUBLICATION, DISTRIBUTION, ETC.
Place of publication, distribution, etc. Washington, D. C.
Name of publisher, distributor, etc. World Bank
Date of publication, distribution, etc. 1996
300 ## - PHYSICAL DESCRIPTION
Extent xviii, 103p. : ill.
350 ## - PRICE (NR) (BK AM CF MU VM SE) [OBSOLETE]
Price 0.00
490 ## - SERIES STATEMENT
Series statement World Bank Technical Papers
650 ## - SUBJECT ADDED ENTRY--TOPICAL TERM
Topical term or geographic name entry element DWELLINGS--POWER SUPPLY--EQUIPMENT AND SUPPLIES
650 ## - SUBJECT ADDED ENTRY--TOPICAL TERM
Topical term or geographic name entry element BUILDING
650 ## - SUBJECT ADDED ENTRY--TOPICAL TERM
Topical term or geographic name entry element BUILDING-INTEGRATED PHOTOVOLTAIC SYSTEMS
700 ## - ADDED ENTRY--PERSONAL NAME
Personal name Mac Cosgrove-Davies
700 ## - ADDED ENTRY--PERSONAL NAME
Personal name Cabraal, Anil
710 ## - ADDED ENTRY--CORPORATE NAME
Corporate name or jurisdiction name as entry element World Bank
995 ## - RECOMMENDATION 995 [LOCAL, UNIMARC FRANCE]
-- 0.00
-- CBU-MAIN LIBRARY (Kitwe)
-- 1
-- 0.00
-- 1
-- AVAILABLE
-- International Publications
Holdings
Withdrawn status Lost status Source of classification or shelving scheme Damaged status Not for loan Home library Current library Shelving location Date acquired Total Checkouts Full call number Barcode Date last seen Price effective from Koha item type
          CBU-MAIN LIBRARY, KITWE. CBU-MAIN LIBRARY, KITWE.   11/30/2022   IBRD(08)TP/324 019422 11/30/2022 11/30/2022 MONOGRAPH